En vivo (Registro nro. 8040)
[ vista simple ]
| 000 -LEADER | |
|---|---|
| fixed length control field | 00624njm a22001697a 4500 |
| 005 - DATE AND TIME OF LATEST TRANSACTION | |
| control field | 20160506095914.0 |
| 008 - FIXED-LENGTH DATA ELEMENTS--GENERAL INFORMATION | |
| fixed length control field | 160506b xxu||||| |||| 00| 0 spa d |
| 041 ## - LANGUAGE CODE | |
| Language code of text/sound track or separate title | Español |
| 110 ## - MAIN ENTRY--CORPORATE NAME | |
| Corporate name or jurisdiction name as entry element | Malpaís |
| 245 ## - TITLE STATEMENT | |
| Title | En vivo |
| 260 ## - PUBLICATION, DISTRIBUTION, ETC. (IMPRINT) | |
| Place of publication | Costa Rica |
| Name of publisher | Papayamusic |
| Year of publication | 2006 |
| 505 ## - FORMATTED CONTENTS NOTE | |
| Formatted contents note | 1.Presagio 2.El bazar de Urías 3.Abril 4.Rosa de un día 5.¿Bolero yo? 6.Muchacha y Luna 7.Otro lugar 8.Es tan tarde ya 9.Historia de nadie 10.La vieja 11.Contramarea 12.Malpaís 13.Son inú 14.Como un pájaro |
| 650 ## - SUBJECT ADDED ENTRY--TOPICAL TERM | |
| Topical Term | COSTA RICA |
| 650 ## - SUBJECT ADDED ENTRY--TOPICAL TERM | |
| Topical Term | MÚSICA POPULAR |
| 650 ## - SUBJECT ADDED ENTRY--TOPICAL TERM | |
| Topical Term | MÚSICA COSTARRICENSE |
| 942 ## - ADDED ENTRY ELEMENTS (KOHA) | |
| Koha item type | Música |
| Withdrawn status | Lost status | Damaged status | Not for loan | Home library | Current library | Date acquired | Total Checkouts | Full call number | Accession Number | Date last seen | Price effective from | Koha item type |
|---|---|---|---|---|---|---|---|---|---|---|---|---|
| Departamento de Biblioteca y Documentación Alfonso Chase Brenes | Departamento de Biblioteca y Documentación Alfonso Chase Brenes | 06/05/2016 | 224 DC | 224DC | 06/05/2016 | 06/05/2016 | Música |